Kde žije môj blížny /

Hlavní autor: Cassieri, Giuseppe, 1926-2008
Další autoři: Krčméry-Vrteľová, Jela, 1924-2021
Jazyk: Slovenština
Vydáno: Bratislava : Vydavateľstvo politickej literatúry, 1966
Vydání: 1. vyd.
Fyzický popis: 151 s. ; 8°
Knihy
Uloženo v:
LEADER 00833nam a22002412a 4500
001 001343151
003 CZ BrMZK
005 20131107091550.0
007 ta
008 131107s1966 xo er|||||||||||slo d
040 |a ABA001  |b cze  |d ABA001  |d BOA001 
041 1 |a slo  |h ita 
100 1 |a Cassieri, Giuseppe,  |d 1926-2008  |7 xx0031001  |4 aut 
245 1 0 |a Kde žije môj blížny /  |c Giuseppe Cassieri ; z talianskeho originalu preložil Jela Krčméry 
250 |a 1. vyd. 
260 |a Bratislava :  |b Vydavateľstvo politickej literatúry,  |c 1966 
300 |a 151 s. ;  |c 8° 
700 1 |a Krčméry-Vrteľová, Jela,  |d 1924-2021  |7 pna2013741994  |4 trl 
765 0 |t Dove abita il prossimo  |9 Slovensky 
910 |a BOA001  |b 2-0558.048 
990 |a BK 
991 |b 201311 
996 7 |b 2619026736  |c 2-0558.048  |l HP2  |r DEN  |n 0  |w 001377943  |u 000010  |a 1  |e BOA001  |j MZK50  |s A